LDR 01070naa#a2200205#i#450# 001 RU\\bibl\123389 005 20260705165136.7 011 ## _a1994-4683 100 ## _a20230731b2023####ek#y0rusy0150####ca 102 ## _aRU 200 1# _aДЛИТЕЛЬНОСТЬ ПОЛЕТА МЯЧА И НАИБОЛЕЕ ПОРАЖАЕМЫЕ УЧАСТКИ ВОЛЕЙБОЛЬНОГО ПОЛЯ ПОДАЧАМИ В ТИПОВЫХ ИГРОВЫХ СИТУАЦИЯХ _eЖурнальная статья 210 1# _aМосква _cНациональный государственный Университет физической культуры, спорта и здоровья им. П.Ф. Лесгафта _d2023 215 ## _a3 с. 608 ## _aЖурнальная статья _2local 675 ## _aВолейбол. 796.325 _z 700 #1 _aКарева _gЮлия Юрьевна 700 #1 _aПостоян _gАнатолий Иванович 700 #1 _aМежман _gИгорь Францевич 700 #1 _aКононова _gОльга Владимировна 856 4# _auchzapiski.lesgaft.spb.ru _u